00907 2200301 4500001002100000005001500021035002000036007000300056008004100059020002200100082001200122084001400134100003900148245009000187250003200277300003400309650002100343264003800364336002100402337003000423338002300453040002200476090002200498850001200520504002900532999002200561990002200583INLIS00000000089833620250724011110 a0010-0725000914ta250724s2025 yoia g ind d a978-623-442-501-704223a922 a922 HIE s0 aHieronymus Budi SantosoePengarang10aSanto Agustinus :buskup, pujangga dan pencarian kebenaran /cHieronymus Budi Santoso aCetakan pertama: April 2025 a56 halaman :bgambar ;c17 cm 4aBiografi Kristen31aYogyakarta :bPohon Cahaya,c2025 2rdacontentateks 2rdamediaatanpa perantara 2rdacarrieravolume aYOPDYOGbinderda aCB-D.11 2025-2094 aYOPDYOG aBibliografi : halaman 55 aCB-D.11/2025-2094 aCB-D.11/2025-2094